000 01073nam a2200253Ia 4500
003 OSt
005 20210511122240.0
008 210310s1973 ck ad gr 000 0 spa d
040 _aCO-JMCR
_cCO-JMCR
041 0 _aspa
082 0 4 _a336.206 /
_bR696c
_223
100 1 _aRodríguez V., Gregorio,
_915013
_dinvestigador
245 1 0 _aComportamiento tributario de una muestra de contribuyentes profesionales, sector medico de Bogotá /
_cGregorio Rodríguez V., Javier Vásquez Carmona, José Elías Awad [y otros 3]
260 _aBogotá :
_bESAP,
_c1973
300 _a107 Páginas :
_bilustraciones y gráficas a blanco y negro ;
_c28 cm.
490 0 _aDocumento Cidi ;
_v024
500 _aIncluye notas a pie de página.
505 0 _aAntecedentes generales -- Resultados de la investigación
650 1 4 _aImpuestos
_915059
_xInvestigaciones
650 2 4 _aComportamiento tributario
_xsector médico
_zBogotá(Colombia)
_937542
700 1 _aCarmona, Javier Vásquez,
_einvestigador
_937543
700 1 _aAwad, José Elías,
_einvestigador
_937544
942 _2ddc
_cBK
999 _c7653
_d7653